Pacificación de Andalucía / (Record no. 116842)

MARC details
000 -LEADER
campo de control de longitud fija 00968nam a2200253 i 4500
001 - NÚMERO DE CONTROL
campo de control 116842
003 - IDENTIFICADOR DE NÚMERO DE CONTROL
campo de control ES-MaACL
005 - FECHA Y HORA DE LA ÚLTIMA TRANSACCIÓN
campo de control 20230906190758.0
007 - CAMPO FIJO DE DESCRIPCIÓN FÍSICA--INFORMACIÓN GENERAL
campo de control de longitud fija t|
008 - DATOS DE LONGITUD FIJA--INFORMACIÓN GENERAL
campo de control de longitud fija 061121s1983 sp r ||||1| spa d
080 ## - NÚMERO DE LA CLASIFICACIÓN DECIMAL UNIVERSAL
Número de la Clasificación Decimal Universal 946.81"1873"(093.32)
080 ## - NÚMERO DE LA CLASIFICACIÓN DECIMAL UNIVERSAL
Número de la Clasificación Decimal Universal 929 Pavía y Rodríguez de Alburquerque, Manuel
100 1# - ENTRADA PRINCIPAL--NOMBRE DE PERSONA
Nombre de persona Pavía y Rodríguez de Alburquerque, Manuel.
9 (RLIN) 89681
245 10 - MENCIÓN DEL TÍTULO
Título Pacificación de Andalucía /
Mención de responsabilidad, etc. Manuel Pavía y Rodríguez de Alburquerque.
250 ## - MENCION DE EDICION
Mención de edición 2ª ed.
260 ## - PUBLICACIÓN, DISTRIBUCIÓN, ETC.
Lugar de publicación, distribución, etc. Córdoba :
Nombre del editor, distribuidor, etc. Francisco Baena,
Fecha de publicación, distribución, etc. 1983.
300 ## - DESCRIPCIÓN FÍSICA
Extensión XIX, 218 p. ;
Dimensiones 24 cm.
490 1# - MENCIÓN DE SERIE
Mención de serie Recuperación de documentos para la historia de Andalucía ;
Designación de volumen o secuencia 2
595 ## -
-- Reprod. facsímil de la ed. impresa en: Madrid : M. Minuesa de los Ríos, 1878.
651 #4 - PUNTO DE ACCESO ADICIONAL DE MATERIA--NOMBRE GEOGRÁFICO
Nombre geográfico Andalucía-
Subdivisión general Historia-
Subdivisión cronológica S.XIX.
9 (RLIN) 144198
830 0# - PUNTO DE ACCESO ADICIONAL DE SERIE-TÍTULO UNIFORME
Título uniforme Recuperación de documentos para la historia de Andalucía ;
Designación de volumen o secuencia 2
9 (RLIN) 186386
852 ## - LOCALIZACIÓN
Ubicación ES-MaACL
Número de control de estantería L-4543
Sublocalización o colección R.105216
Holdings
Estatus retirado Estado de pérdida Estado de daño No para préstamo Biblioteca de origen Biblioteca actual Ubicación en estantería Fecha de adquisición Fuente de adquisición Total de préstamos Signatura topográfica completa Código de barras Visto por última vez Precio de reemplazo Tipo de ítem Koha
        Biblioteca del Ateneo de Madrid Biblioteca del Ateneo de Madrid Depósito 2 17/01/2008     L-4543 1121829 23/02/2023 23/02/2023 Libro impreso